| 000 | 01021nam a2200289 a 4500 | ||
|---|---|---|---|
| 001 | 1881436 | ||
| 003 | ARRUPE | ||
| 005 | 20140610163941.0 | ||
| 008 | 830611r19821898rh fab 001 0 eng | ||
| 010 | _a 83107829 | ||
| 020 | _a0869202464 | ||
| 020 | _a0869202456 (deluxe ed.) | ||
| 040 |
_aDLC _cDLC _dDLC |
||
| 043 | _afe----- | ||
| 050 | 0 | 0 |
_aSK305.E3 _bN4 1982 |
| 082 | 0 | 0 |
_a799.2/761/096762 _219 |
| 100 | 1 |
_aNeumann, Arthur H. _910770 |
|
| 245 | 1 | 0 |
_aElephant hunting in East Equatorial Africa / _cby Arthur H. Neumann ; introduction by James A. Casada. |
| 260 |
_aBulawayo : _bBooks of Zimbabwe, _c1982. |
||
| 300 |
_axix, 455 p., [4] leaves of plates (1 folded) : _bill. (some col.), col. map ; _c23 cm. |
||
| 440 | 0 |
_aAfrican hunting reprint series ; _vv. 6 _910771 |
|
| 500 | _aReprint. Originally published: London : Rowland Ward, 1898. | ||
| 500 | _aIncludes index. | ||
| 650 | 0 |
_aElephant hunting _zAfrica, East. _910772 |
|
| 906 |
_a7 _bcbc _corignew _d3 _encip _f19 _gy-gencatlg |
||
| 942 |
_2lcc _cSPC |
||
| 999 |
_c120681 _d120681 |
||